| 000 | 00478cam a2200169Ia 4500 | ||
|---|---|---|---|
| 020 | _a0804815909 | ||
| 040 | _cDLC | ||
| 041 | 1 | _hjpn | |
| 082 | _a895 RUT 1990 A097 Or. | ||
| 110 | 2 | _aSumii, Sue, | |
| 245 | 1 | 4 | _aThe river with no bridge / |
| 260 |
_aRutland, Vermont _bC.E. Tuttle, Co., Inc., _c1990 |
||
| 300 |
_axiv, 359 p. ; _c24 cm |
||
| 500 | _aTranslation of: Hashi no nai kawa. Originally published in six volumes | ||
| 650 | 0 | _aLove stories, Japanese | |
| 942 | _cEK | ||
| 999 |
_c16243 _d16243 |
||